000 02859cam a22004694i 4500
003 PE-LiUPU
005 20250731165439.0
008 160607s2015 pe a grm 000 0 spa d
035 _a(Sirsi) a157118
040 _aPE-LiUPU
_bspa
_cPE-LiUPU
_erda
099 _aTF 3
_bV66 2015
100 1 _aVillamonte, Ramón Víctor,
_eautor
245 1 _aClima social familiar y la disciplina escolar en la Institución Educativa Adventista "El Porvenir" de Chepén, La Libertad, 2015 /
_cRamón Víctor Villamonte.
264 0 _c2015.
300 _a122 hojas :
_bilustraciones;
_c30 cm
336 _atext
_2rdacontent
337 _aunmediated
_2rdamedia
338 _avolume
_2rdacarrier
502 _aTesis
_b(Mg.) --
_cUniversidad Peruana Unión,
_d2015.
504 _aIncluye referencias
520 3 _aLa presente investigación responde al objetivo determinar en qué medida el nivel de disciplina escolar es dependiente del clima social familiar de los estudiantes de la Institución Adventista "El Porvenir" de Chepén, hallándose una dependencia entre clima social familiar y la disciplina escolar en dicha institución. El presente estudio es una investigación cuantitativa con un enfoque no paramétrico, con un diseño transaccional, realizado en 147 estudiantes del nivel secundaria. Se ha usado la Escala de Clima Social Familiar (Family Environment Scale Fes) de Moos con un baremo estandarizado en Lima metropolitana, realizado por Cesar Ruiz Alva y Eva Guerra Turin 1993; y el cuestionario de disciplina versión Española "Aggression Questionnaire" de Aq, Bus & Perry (1992) traducido por Rodríguez, Peña, Fernández & Graña (2002). Se concluyó que el clima social familiar guarda una dependencia de la disciplina escolar de los estudiantes del Colegio de Chepén. Dicho de otro modo, el clima social familiar incide en que los estudiantes del colegio de Chepén mantengan la disciplina escolar, mientras que la disciplina tiende a regular en mayor proporción el clima social familiar, es un regulador. Igualmente se verificó que la indisciplina escolar y la disciplina redentora dependen del clima social familiar significativamente, a diferencia de la conducta escolar que no depende del clima social familiar.
526 _aSEG44
526 _aSEG26
526 _aP151
526 _aP150
526 _aP149
526 _aP146
526 _aP145
526 _aP126
526 _aP125
526 _aP92
526 _aP75
526 _aP74
526 _aP27
526 _aP15
650 0 4 _aDisciplina escolar
_xFamilias.
650 0 4 _aEscolares
_xRelaciones familiares.
650 0 4 _aDisciplina escolar.
596 _a1
942 _2ddc
_cTESIS
999 _aTF 3 V66 2015
_wALPHANUM
_c9789
_iT01988
_lCCODEBUL3
_mBUL
_r1
_sY
_tTESIS
_u2016-6-7
_xPOSGRADO
_PP54
_o.STAFF. Tesis
_d9789
980 _81
_gALBERTO SANCHEZ Responsable de Automatización